[Event "FISU World University"]
[Site "Tornelo INT"]
[Date "2020.10.27"]
[Round "6.19"]
[White "Sulkowski, Andrzej"]
[Black "Usupbekova, Zarina"]
[Result "1-0"]
[WhiteElo "1783"]
[BlackElo "1573"]
[PlyCount "89"]
[EventDate "2020.10.26"]
[EventType "team-swiss (rapid)"]
[EventRounds "9"]
[EventCountry "NET"]
[SourceTitle "CBM 199 Extra"]
[Source "ChessBase"]
[SourceDate "2021.01.31"]
[SourceVersion "1"]
[SourceVersionDate "2021.01.31"]
[SourceQuality "1"]
[WhiteTeam "Poland III"]
[BlackTeam "Kyrgyzstan"]
[WhiteTeamCountry "POL"]
[BlackTeamCountry "KGZ"]

1. d4 Nf6 2. c4 g6 3. Nc3 Bg7 4. e4 d6 5. Be2 c6 6. Bg5 h6 7. Be3 Nbd7 8. Qd2 a6 9. f3 b5 10. Rc1 Qa5 11. a3 Nb6 12. cxb5 axb5 13. d5 Bd7 14. dxc6 Bxc6 15. Nd1 Qxd2+ 16. Kxd2 Nc4+ 17. Bxc4 bxc4 18. Rxc4 Kd7 19. Ne2 Bb5 20. Rb4 Rhb8 21. Nec3 Bc6 22. Rxb8 Rxb8 23. Kc2 Kc7 24. Nf2 Nd7 25. Rb1 Ne5 26. Bd4 g5 27. Nd3 e6 28. Nxe5 dxe5 29. Bc5 Bd7 30. b4 f5 31. Rd1 Ra8 32. b5 Rc8 33. a4 Be8 34. Kb3 Kb7 35. Be3 Bf8 36. a5 f4 37. a6+ Kb8 38. Bf2 h5 39. b6 Bc6 40. Na4 g4 41. Nc5 Bxc5 42. Bxc5 Bb5 43. Bd6+ Ka8 44. b7+ Ka7 45. bxc8Q 1-0

[Event "KGZ-ch U18 Girls"]
[Site "Bishkek"]
[Date "2019.01.08"]
[Round "5"]
[White "Zholdoshbek Kyzy, Adinai"]
[Black "Usupbekova, Zarina"]
[Result "0-1"]
[WhiteElo "1215"]
[BlackElo "1754"]
[PlyCount "78"]
[EventDate "2019.01.04"]
[EventType "tourn"]
[EventRounds "7"]
[EventCountry "KGZ"]
[SourceTitle "CBM 189 Extra"]
[Source "ChessBase"]
[SourceDate "2019.06.03"]
[SourceVersion "1"]
[SourceVersionDate "2019.06.03"]
[SourceQuality "1"]

1. e4 c5 2. Nf3 d6 3. d4 cxd4 4. Nxd4 Nf6 5. Nc3 a6 6. Bd3 e5 7. Nde2 b5 8. a3 Bb7 9. Ng3 Nbd7 10. 0-0 b4 11. Nce2 Nc5 12. f3 Qb6 13. Be3 h5 14. h4 g6 15. Qd2 d5 16. Kh2 dxe4 17. Nxe4 Bxe4 18. Bxe4 Ncxe4 19. Qd3 Nc5 20. Qd1 Rd8 21. Qe1 Bd6 22. Bg5 e4+ 23. Kh1 Be7 24. Nf4 0-0 25. fxe4 Rde8 26. e5 Ng4 27. Nh3 Ne6 28. Bf4 Bc5 29. Bg5 Nxg5 30. Nxg5 Rxe5 31. Qc1 Nf2+ 32. Kh2 Be3 33. Qb1 Bf4+ 34. g3 Ng4+ 35. Kh3 Bxg5 36. hxg5 Re2 37. Rh1 Rd2 38. Qg1 Qxg1 39. Rhxg1 Rh2# 0-1

[Event "Bishkek Smart Cup 4th"]
[Site "Bishkek"]
[Date "2019.??.??"]
[Round "9"]
[White "Usupbekova, Zarina"]
[Black "Azarov, Azim"]
[Result "1-0"]
[WhiteElo "1807"]
[BlackElo "1236"]
[PlyCount "61"]
[EventDate "2019.02.01"]
[EventType "swiss"]
[EventRounds "9"]
[EventCountry "KGZ"]
[SourceTitle "EXT 2021"]
[Source "ChessBase"]
[SourceDate "2020.10.23"]
[SourceVersion "1"]
[SourceVersionDate "2020.10.23"]
[SourceQuality "1"]

1. e4 e5 2. Nc3 Nf6 3. f4 d6 4. Nf3 Nc6 5. Bc4 Bg4 6. Bb5 Be7 7. fxe5 dxe5 8. Bxc6+ bxc6 9. 0-0 0-0 10. d3 Rb8 11. h3 Bc5+ 12. Kh1 Bxf3 13. Qxf3 Qd6 14. Ne2 Nd7 15. Ng3 Qg6 16. Nf5 Kh8 17. g4 f6 18. h4 h6 19. c3 Rf7 20. b4 Bb6 21. h5 Qh7 22. Nh4 Nf8 23. Kg2 Ne6 24. Ng6+ Kg8 25. Qf5 Re8 26. Qf3 a5 27. Nxe5 Rff8 28. Nxc6 axb4 29. Nxb4 g6 30. Nd5 gxh5 31. Nxf6+ 1-0

[Event "World ol U16"]
[Site "Ahmedabad"]
[Date "2017.12.12"]
[Round "3.3"]
[White "Asavasaetakul, Chawit"]
[Black "Usupbekova, Zarina"]
[Result "1/2-1/2"]
[WhiteElo "1704"]
[BlackElo "1633"]
[PlyCount "82"]
[EventDate "2017.12.11"]
[EventType "team-swiss"]
[EventRounds "9"]
[EventCountry "IND"]
[SourceTitle "CBM 182 Extra"]
[Source "ChessBase"]
[SourceDate "2018.02.23"]
[SourceVersion "1"]
[SourceVersionDate "2018.02.23"]
[SourceQuality "1"]
[WhiteTeam "Thailand"]
[BlackTeam "Kyrgyzstan"]
[WhiteTeamCountry "THA"]
[BlackTeamCountry "KGZ"]

1. e4 c5 2. c3 e6 3. d4 cxd4 4. cxd4 d5 5. exd5 exd5 6. Nf3 Nf6 7. Bb5+ Bd7 8. Bxd7+ Nbxd7 9. 0-0 Be7 10. Nc3 0-0 11. Bf4 a6 12. Re1 Bb4 13. Qb3 Bxc3 14. bxc3 b6 15. Ne5 Rc8 16. Bg5 b5 17. Nxd7 Qxd7 18. Bxf6 gxf6 19. Re3 Kh8 20. Qd1 Rg8 21. Qf3 Qd6 22. Qf5 Rce8 23. Rae1 Rxe3 24. Rxe3 Rg5 25. Re8+ Kg7 26. Qc8 Kh6 27. Rh8 f5 28. Qf8+ Qxf8 29. Rxf8 Kg7 30. Rd8 f4 31. Rd6 Rg6 32. Rxd5 Rc6 33. Rc5 Rxc5 34. dxc5 Kf6 35. c6 Ke6 36. c7 Kd7 37. c8Q+ Kxc8 38. Kf1 Kc7 39. Ke2 Kd6 40. Kd3 Kd5 41. f3 f5 1/2-1/2

[Event "KGZ-ch U20 Girls"]
[Site "Bishkek"]
[Date "2017.03.28"]
[Round "8.1"]
[White "Usupbekova, Zarina"]
[Black "Kubatbek, Kyzy Perizat"]
[Result "1-0"]
[WhiteElo "1464"]
[BlackElo "1183"]
[PlyCount "54"]
[EventDate "2017.03.23"]
[EventType "tourn"]
[EventRounds "8"]
[EventCountry "KGZ"]
[SourceTitle "EXT 2022"]
[Source "ChessBase"]
[SourceDate "2021.10.06"]
[SourceVersion "1"]
[SourceVersionDate "2021.10.06"]
[SourceQuality "1"]

1. e4 e6 2. d4 b6 3. Nc3 Bb7 4. Nf3 Be7 5. Bd3 Nf6 6. 0-0 0-0 7. a3 d6 8. Qe2 Nbd7 9. Re1 h6 10. h3 c5 11. Bf4 cxd4 12. Nb1 e5 13. Bh2 Nc5 14. Nbd2 Qc8 15. Rac1 Nd5 16. Nxe5 dxe5 17. Qh5 Bg5 18. Rcd1 Bxd2 19. Rxd2 Nxd3 20. cxd3 f5 21. Bxe5 Qc5 22. exf5 Rae8 23. Rde2 Qb5 24. Qg6 Qd7 25. Bxg7 Qxg7 26. Qxg7+ Kxg7 27. Rxe8 Rf7 1-0

[Event "KGZ-ch U20 Girls"]
[Site "Bishkek"]
[Date "2017.03.27"]
[Round "6.1"]
[White "Usupbekova, Zarina"]
[Black "Mairambekova, Aiperi"]
[Result "1/2-1/2"]
[WhiteElo "1464"]
[BlackElo "1350"]
[PlyCount "144"]
[EventDate "2017.03.23"]
[EventType "tourn"]
[EventRounds "8"]
[EventCountry "KGZ"]
[SourceTitle "EXT 2022"]
[Source "ChessBase"]
[SourceDate "2021.10.06"]
[SourceVersion "1"]
[SourceVersionDate "2021.10.06"]
[SourceQuality "1"]

1. e4 e5 2. Nc3 Nf6 3. Bc4 Nc6 4. d3 Na5 5. Bb3 Nxb3 6. axb3 Bb4 7. Bg5 h6 8. Bh4 d6 9. Nge2 a6 10. 0-0 Be6 11. f4 exf4 12. Nxf4 Bg4 13. Bxf6 Bxd1 14. Bxd8 Bxc2 15. Bxc7 Bc5+ 16. Kh1 Rc8 17. Rac1 Bxb3 18. Ncd5 Kd7 19. d4 Bxd4 20. Nb6+ Bxb6 21. Bxb6 f6 22. h3 Rhe8 23. Nh5 Re7 24. Rxc8 Kxc8 25. Rc1+ Kb8 26. Rc3 Ba4 27. Rg3 g5 28. Nxf6 Re6 29. Rf3 Bc6 30. Nd5 Rxe4 31. Rf8+ Re8 32. Rxe8+ Bxe8 33. Bc7+ Kc8 34. Bxd6 Bf7 35. Nf6 b5 36. Bf8 h5 37. Bh6 g4 38. hxg4 hxg4 39. Nxg4 Kb7 40. Ne5 Bd5 41. Nf3 a5 42. Kg1 Kc6 43. Be3 b4 44. Kh2 a4 45. Ne5+ Kb5 46. g4 a3 47. bxa3 bxa3 48. Bd4 Ka4 49. Kg3 Kb3 50. Kf4 Kc2 51. g5 Kb1 52. Kf5 Bb3 53. Nd3 Bc2 54. Ke4 a2 55. g6 a1Q 56. Bxa1 Kxa1 57. g7 Bb3 58. Ne5 Kb2 59. Kf5 Kc3 60. Kf6 Bg8 61. Ke7 Kd4 62. Nd7 Bb3 63. Kf8 Ba2 64. Nf6 Ke5 65. Ng4+ Kf5 66. Nf2 Kf6 67. Ne4+ Kg6 68. Nc3 Bb3 69. Nb5 Ba2 70. Nc7 Bb3 71. Ne8 Ba2 72. Ke7 Bb3 1/2-1/2

[Event "KGZ-ch U20 Girls"]
[Site "Bishkek"]
[Date "2017.03.25"]
[Round "3.1"]
[White "Andasheva, Altynai"]
[Black "Usupbekova, Zarina"]
[Result "1/2-1/2"]
[WhiteElo "1459"]
[BlackElo "1464"]
[PlyCount "30"]
[EventDate "2017.03.23"]
[EventType "tourn"]
[EventRounds "8"]
[EventCountry "KGZ"]
[SourceTitle "EXT 2022"]
[Source "ChessBase"]
[SourceDate "2021.10.06"]
[SourceVersion "1"]
[SourceVersionDate "2021.10.06"]
[SourceQuality "1"]

1. d4 Nf6 2. c4 e6 3. Nc3 b6 4. e4 Bb4 5. Bd3 Bb7 6. Bg5 h6 7. Bxf6 Qxf6 8. Nf3 0-0 9. 0-0 d5 10. cxd5 Bxc3 11. bxc3 exd5 12. e5 Qe7 13. Qe2 Nd7 14. Bf5 Rfe8 15. Rfe1 Nf8 1/2-1/2

[Event "KGZ-ch (Women)"]
[Site "Bishkek"]
[Date "2017.03.16"]
[Round "6"]
[White "Usupbekova, Zarina"]
[Black "Mamatova, Ainagul"]
[Result "1-0"]
[WhiteElo "1464"]
[BlackElo "1567"]
[PlyCount "97"]
[EventDate "2017.03.11"]
[EventType "swiss"]
[EventRounds "9"]
[EventCountry "KGZ"]
[SourceTitle "EXT 2018"]
[Source "ChessBase"]
[SourceDate "2017.10.13"]
[SourceVersion "1"]
[SourceVersionDate "2017.10.13"]
[SourceQuality "1"]

1. e4 e5 2. Nc3 Nf6 3. Bc4 Bc5 4. d3 Nc6 5. f3 d6 6. Na4 Bb6 7. Nxb6 axb6 8. Ne2 h6 9. 0-0 0-0 10. f4 Bg4 11. Qe1 Bxe2 12. Qxe2 Qe7 13. Qf2 Rad8 14. Bd2 Nd7 15. f5 Kh7 16. Qg3 Qf6 17. h4 Nd4 18. Kh1 Nxc2 19. Bg5 hxg5 20. hxg5 Qe7 21. Qh3+ Kg8 22. g6 Nf6 23. gxf7+ Rxf7 24. Bxf7+ Qxf7 25. Rac1 Nd4 26. g4 Ne2 27. Rc2 Nf4 28. Qg3 Kf8 29. g5 N6h5 30. Qh4 c6 31. Rh2 Ke8 32. Qg4 g6 33. fxg6 Qxg6 34. Rxf4 Nxf4 35. Rh6 Qg7 36. Qf5 Rd7 37. Kg1 Kd8 38. Rf6 Kc7 39. g6 Qh8 40. Rf7 Nh3+ 41. Kf1 Qe8 42. Rxd7+ Kb8 43. Qf7 Qc8 44. g7 Ng5 45. Rxb7+ Qxb7 46. g8Q+ Qc8 47. Qxc8+ Kxc8 48. Qg8+ Kb7 49. Qxg5 1-0

[Event "KGZ-ch (Women)"]
[Site "Bishkek"]
[Date "2017.03.13"]
[Round "3"]
[White "Usupbekova, Zarina"]
[Black "Omurbekova, Diana"]
[Result "1-0"]
[WhiteElo "1464"]
[BlackElo "1941"]
[PlyCount "120"]
[EventDate "2017.03.11"]
[EventType "swiss"]
[EventRounds "9"]
[EventCountry "KGZ"]
[SourceTitle "EXT 2018"]
[Source "ChessBase"]
[SourceDate "2017.10.13"]
[SourceVersion "1"]
[SourceVersionDate "2017.10.13"]
[SourceQuality "1"]

1. e4 g6 2. d4 Bg7 3. Nc3 d6 4. Be3 a6 5. Bd3 Nc6 6. Nge2 e5 7. d5 Nd4 8. Qd2 c5 9. dxc6 bxc6 10. Bc4 Nxe2 11. Qxe2 Nf6 12. f3 Qa5 13. Rd1 Qb4 14. Bb3 0-0 15. a3 Qb8 16. 0-0 Be6 17. Bxe6 fxe6 18. b3 d5 19. Bc5 Rf7 20. f4 Nd7 21. Na4 Nxc5 22. Nxc5 Qb6 23. b4 exf4 24. Kh1 d4 25. Nxe6 Be5 26. Ng5 Rd7 27. Qc4+ Kg7 28. Ne6+ Kh8 29. Nxf4 Qc7 30. Ne6 Qd6 31. Ng5 Qc7 32. Nf7+ Kg7 33. Nxe5 Qxe5 34. Qxc6 Raa7 35. h3 Rac7 36. Qa8 Kh6 37. Qf8+ Rg7 38. Rf4 Rce7 39. Qf6 Qxf6 40. Rxf6 Rxe4 41. Rxa6 Rc7 42. Rd2 Kg5 43. Rd6 Rc4 44. b5 Kf4 45. Kh2 Ke3 46. Rd3+ Ke2 47. b6 Rxc2 48. R3xd4 Re3 49. b7 Rb2 50. b8Q Rxb8 51. Rd2+ Kf1 52. Rd1+ Kf2 53. Ra6 Rbb3 54. a4 Ra3 55. Rd5 Ra2 56. a5 Ke1 57. Rad6 Rea3 58. Re5+ Re2 59. Rxe2+ Kxe2 60. Ra6 g5 1-0